[Event "Heart of Finland 2015"]
[Site "Jyvaskyla"]
[Date "2015.07.14"]
[Round "3.9"]
[White "Koykka Pekka"]
[Black "Iivonen Markku"]
[Result "1-0"]
[WhiteElo "2303"]
[BlackElo "2048"]
[PlyCount "57"]
[EventDate "2015.??.??"]
[WhiteClock "0:03:40"]
[BlackClock "0:22:03"]

1. e4 d6 2. d4 Nf6 3. Nc3 g6 4. Be3 Bg7 5. Qd2 O-O 6. f3 c6 7. O-O-O Qa5 8. Kb1
Nbd7 9. Nge2 b5 10. Nd5 Qd8 11. Nxf6+ Nxf6 12. Bh6 Be6 13. h4 Bxh6 14. Qxh6 Kh8
15. h5 gxh5 16. Nf4 Rg8 17. Nxh5 Rg6 18. Qd2 Nxh5 19. Rxh5 Qg8 20. d5 cxd5 21.
exd5 Bd7 22. g4 f5 23. Bd3 Rf8 24. Qc3+ Qg7 25. Qc7 Bc8 26. Qxa7 fxg4 27. Bxg6
Qxg6 28. Qxe7 Re8 29. Rxh7+ 1-0

[Event "Heart of Finland 2015"]
[Site "Jyvaskyla"]
[Date "2015.07.14"]
[Round "3.10"]
[White "Mertanen Janne"]
[Black "Koivusalo Ville-Veikko"]
[Result "1/2-1/2"]
[WhiteElo "2228"]
[BlackElo "2008"]
[PlyCount "37"]
[EventDate "2015.??.??"]
[WhiteClock "0:11:58"]
[BlackClock "0:57:32"]

1. d4 d5 2. c4 c6 3. Nf3 Nf6 4. Qb3 dxc4 5. Qxc4 Nbd7 6. Nc3 e6 7. g3 Be7 8.
Bg2 O-O 9. O-O Nb6 10. Qb3 Nbd5 11. Rd1 Qb6 12. Qc2 Nxc3 13. bxc3 c5 14. Rb1
Qa6 15. Ne5 Rd8 16. e4 b5 17. Bf1 c4 18. f3 Nd7 19. Nxd7 1/2-1/2

[Event "Heart of Finland 2015"]
[Site "Jyvaskyla"]
[Date "2015.07.14"]
[Round "3.11"]
[White "Ronka Erik"]
[Black "Kugappi Tomi"]
[Result "1-0"]
[WhiteElo "2189"]
[BlackElo "2005"]
[PlyCount "69"]
[EventDate "2015.??.??"]
[WhiteClock "0:07:39"]
[BlackClock "0:07:01"]

1. d4 Nf6 2. c4 e6 3. Nc3 b6 4. e4 Bb7 5. f3 d6 6. Bd3 Nbd7 7. Nge2 e5 8. d5
Nc5 9. Bc2 a5 10. Be3 g6 11. a3 Bg7 12. b4 axb4 13. axb4 Rxa1 14. Qxa1 Ncd7 15.
Kd2 O-O 16. Qa7 Qb8 17. Ra1 Rc8 18. Qxb8 Rxb8 19. Ra7 Ne8 20. Ba4 Ndf6 21. Bc6
Bxc6 22. dxc6 h6 23. Nb5 Rc8 24. Nec3 Bf8 25. Nd5 Nxd5 26. exd5 g5 27. Nxc7
Nxc7 28. Bxb6 Na8 29. Ba5 Kg7 30. b5 Kf6 31. Rd7 h5 32. Bd8+ Kg6 33. b6 Nxb6
34. Bxb6 Kf6 35. Rd8 1-0

[Event "Heart of Finland 2015"]
[Site "Jyvaskyla"]
[Date "2015.07.14"]
[Round "3.13"]
[White "Bottema Martin"]
[Black "Pursiainen Erkki"]
[Result "1-0"]
[WhiteElo "2093"]
[BlackElo "1899"]
[PlyCount "124"]
[EventDate "2015.??.??"]
[WhiteClock "0:22:06"]
[BlackClock "0:17:26"]

1. d4 Nf6 2. c4 c5 3. Nf3 g6 4. Nc3 cxd4 5. Nxd4 Bg7 6. e4 d6 7. Be2 O-O 8. O-O
Nc6 9. Be3 Bd7 10. f3 a6 11. Qd2 Re8 12. Rac1 Rc8 13. b3 Qa5 14. Rfd1 Nxd4 15.
Bxd4 Bc6 16. Rc2 Nd7 17. Bxg7 Kxg7 18. Kh1 Nf6 19. Nd5 Qxd2 20. Rcxd2 h5 21.
Nb6 Rb8 22. Kg1 Nd7 23. Nxd7 Bxd7 24. c5 Be6 25. cxd6 exd6 26. Rxd6 Rbc8 27.
R1d2 Rc1+ 28. Kf2 Rec8 29. Rd1 R1c5 30. R6d2 g5 31. Bd3 Kf6 32. g3 R8c7 33. h4
gxh4 34. gxh4 Rc8 35. Rg1 Rd8 36. Ke3 b5 37. Rc2 Rxc2 38. Bxc2 Rc8 39. Bd3 Ke7
40. Kd2 Rc5 41. Rg8 f6 42. Ra8 Rc6 43. Ke3 Bc8 44. Ra7+ Kd6 45. Rh7 Rc1 46. a4
bxa4 47. bxa4 Rc5 48. Rh8 Bd7 49. Bxa6 Bxa4 50. Rh6 Ke7 51. Be2 Rc3+ 52. Kd4
Rc2 53. Bd3 Rd2 54. Ke3 Rb2 55. Rxh5 Bd1 56. Rh7+ Kf8 57. Rd7 Rh2 58. Bc4 Ba4
59. Rf7+ Ke8 60. Rxf6 Rxh4 61. f4 Rh1 62. Bd5 Rh7 1-0

[Event "Heart of Finland 2015"]
[Site "Jyvaskyla"]
[Date "2015.07.14"]
[Round "3.14"]
[White "Hintikka Eero"]
[Black "Hyotyla Tapio"]
[Result "1/2-1/2"]
[WhiteElo "2071"]
[BlackElo "1820"]
[PlyCount "109"]
[EventDate "2015.??.??"]
[WhiteClock "0:17:39"]
[BlackClock "0:20:06"]

1. e4 g6 2. d4 Bg7 3. Nc3 a6 4. f4 d5 5. Nxd5 e6 6. Ne3 Qxd4 7. Qxd4 Bxd4 8.
Nf3 Bg7 9. Bd3 Ne7 10. O-O O-O 11. c3 Nd7 12. Bc2 b5 13. Bd2 Nb6 14. Rae1 Rd8
15. Bc1 c5 16. f5 f6 17. Rd1 Rxd1 18. Rxd1 exf5 19. exf5 Kf7 20. Rd6 Nd7 21.
Be4 Ra7 22. g4 g5 23. Nd5 Bf8 24. Nxe7 Bxe7 25. Rc6 Ra8 26. Bd5+ Ke8 27. Re6
Rb8 28. Re3 Bb7 29. Bxb7 Rxb7 30. Re6 Rb6 31. Re2 Rd6 32. Be3 Rd5 33. Bf2 Kf7
34. Bg3 h5 35. h3 hxg4 36. hxg4 Bd6 37. Bxd6 Rxd6 38. Kf2 Nb6 39. b3 Nc8 40.
Nd2 Rd5 41. c4 Rd4 42. cxb5 axb5 43. Ne4 c4 44. bxc4 bxc4 45. Kf3 Nd6 46. Nxd6+
Rxd6 47. Ke4 Ke7 48. Rc2 Rd1 49. Rxc4 Ra1 50. a4 Kd6 51. Kd4 Ra3 52. Rb4 Kc6
53. Rc4+ Kd6 54. Rb4 Kc6 55. Rc4+ 1/2-1/2

[Event "Heart of Finland 2015"]
[Site "Jyvaskyla"]
[Date "2015.07.14"]
[Round "3.15"]
[White "Pajunen Toni"]
[Black "Froewis Annika"]
[Result "0-1"]
[WhiteElo "1811"]
[BlackElo "2066"]
[PlyCount "94"]
[EventDate "2015.??.??"]
[WhiteClock "0:26:45"]
[BlackClock "0:23:44"]

1. d4 d5 2. Nf3 Nf6 3. c4 e6 4. Nc3 c6 5. Bg5 dxc4 6. e4 b5 7. e5 h6 8. Bh4 g5
9. Nxg5 hxg5 10. Bxg5 Nbd7 11. Qf3 Qb6 12. Bxf6 Nxf6 13. Qxf6 Rg8 14. Qf4 Bb7
15. Be2 Rxg2 16. Bf3 Rg7 17. h4 O-O-O 18. Rd1 Be7 19. Kf1 Rdg8 20. Ne2 b4 21.
Rc1 Qa6 22. a3 c3 23. bxc3 bxa3 24. Ra1 Qc4 25. Qd2 Ba6 26. Ra2 Kd7 27. h5 Rb8
28. Be4 Qb3 29. Qc2 Qxc2 30. Bxc2 Bc4 31. Ra1 a2 32. h6 Rgg8 33. h7 Rh8 34. Ke1
Ba3 35. Kd2 Bb2 36. Nf4 Bxa1 37. Rxa1 Rb2 38. Nd3 Bxd3 39. Kxd3 Rxh7 40. Kd2
Rh8 41. Kc1 Rhb8 42. f3 Kc7 43. Kd2 c5 44. dxc5 Kc6 45. f4 Kxc5 46. Kc1 Kc4 47.
Kd2 Rd8+ 0-1

[Event "Heart of Finland 2015"]
[Site "Jyvaskyla"]
[Date "2015.07.14"]
[Round "3.16"]
[White "Liebert Erwin"]
[Black "Luukkonen Tommi"]
[Result "0-1"]
[WhiteElo "1699"]
[BlackElo "2348"]
[PlyCount "104"]
[EventDate "2015.??.??"]
[WhiteClock "1:05:03"]
[BlackClock "1:21:18"]

1. e4 c5 2. Nf3 e6 3. d4 cxd4 4. Nxd4 Nc6 5. Nxc6 bxc6 6. Nc3 e5 7. Bc4 Nf6 8.
O-O Bc5 9. Kh1 d6 10. Bg5 h6 11. Be3 Bxe3 12. fxe3 O-O 13. Rf2 Ng4 14. Rf3 Qh4
15. Qg1 Nf6 16. Qf2 Qxf2 17. Rxf2 Be6 18. Bd3 Rab8 19. b3 d5 20. Rd1 Rfd8 21.
Rdf1 Ng4 22. Re2 Nxe3 23. Rxe3 d4 24. Ref3 dxc3 25. Be2 Bg4 26. Re3 Bxe2 27.
Rxe2 Rd2 28. Rfe1 Rbd8 29. Kg1 R8d4 30. Kf1 g5 31. g4 Kf8 32. h3 Ke7 33. Rxd2
cxd2 34. Rd1 Ke6 35. Kf2 Rxe4 36. Rxd2 h5 37. Kf3 Rf4+ 38. Kg3 c5 39. c4 h4+
40. Kg2 Rd4 41. Re2 a5 42. Rf2 a4 43. Rb2 a3 44. Re2 Rd3 45. Rf2 Rg3+ 46. Kh2
e4 47. Rf1 e3 48. Re1 Ke5 49. Rf1 Kd4 50. Rxf7 e2 51. Rd7+ Kc3 52. Re7 Kd2 0-1

[Event "Heart of Finland 2015"]
[Site "Jyvaskyla"]
[Date "2015.07.14"]
[Round "3.17"]
[White "Hartio Ilkka"]
[Black "Wallner Joachim"]
[Result "1/2-1/2"]
[WhiteElo "2039"]
[BlackElo "2345"]
[PlyCount "78"]
[EventDate "2015.??.??"]
[WhiteClock "0:29:32"]
[BlackClock "0:06:38"]

1. Nf3 d5 2. c4 c6 3. g3 Nf6 4. Bg2 Bf5 5. cxd5 cxd5 6. d3 Nc6 7. O-O e6 8. Qb3
a6 9. Bf4 Na5 10. Qa4+ b5 11. Qd1 Bd6 12. Bxd6 Qxd6 13. Nbd2 O-O 14. Nb3 Nc6
15. Nbd4 Nxd4 16. Nxd4 Bg4 17. h3 Bh5 18. Qd2 e5 19. Nb3 Rfc8 20. Rfc1 Nd7 21.
Rc2 Rxc2 22. Qxc2 Nb6 23. Qd2 Rc8 24. Rc1 Rxc1+ 25. Nxc1 f6 26. b4 Na4 27. d4
e4 28. e3 Nb6 29. Nb3 Nc4 30. Qc3 f5 31. Nc5 g5 32. a4 bxa4 33. Nxa4 Be8 34.
Nc5 h5 35. Bf1 Bb5 36. Be2 Qg6 37. Bxc4 Bxc4 38. Nd7 Qe6 39. Ne5 Kh7 1/2-1/2

[Event "Heart of Finland 2015"]
[Site "Jyvaskyla"]
[Date "2015.07.15"]
[Round "4.1"]
[White "Kulaots Kaido"]
[Black "Sklyarov Dmitry"]
[Result "1-0"]
[WhiteElo "2574"]
[BlackElo "2436"]
[PlyCount "105"]
[EventDate "2015.??.??"]
[WhiteClock "0:06:19"]
[BlackClock "0:01:37"]

1. e4 e6 2. d4 d5 3. Nc3 dxe4 4. Nxe4 Nd7 5. Nf3 Ngf6 6. Bd3 Nxe4 7. Bxe4 Nf6
8. Bg5 c5 9. O-O cxd4 10. Nxd4 Be7 11. Bf3 O-O 12. Re1 Qb6 13. Nf5 exf5 14.
Rxe7 Ne4 15. Bxe4 fxe4 16. Qc1 Be6 17. b3 Qc6 18. c4 Rfe8 19. Rxe8+ Rxe8 20.
Be3 a6 21. Qd2 Re7 22. Qd8+ Re8 23. Rd1 f6 24. Qa5 Re7 25. Rd8+ Re8 26. Rd2 Re7
27. Qh5 Qe8 28. Qxe8+ Rxe8 29. Rd4 Kf7 30. Kf1 Re7 31. Ke1 Rd7 32. Rxe4 Bf5 33.
Rd4 Rxd4 34. Bxd4 Bb1 35. Kd2 Ke6 36. Kc3 g5 37. f3 h5 38. a4 h4 39. b4 Bg6 40.
b5 h3 41. gxh3 axb5 42. axb5 Bh5 43. f4 gxf4 44. c5 Kd5 45. Bf2 Be8 46. Kb4 f5
47. h4 f3 48. Ka5 f4 49. c6 Bxc6 50. bxc6 bxc6 51. Kb4 Ke4 52. Kc4 Kf5 53. h3
1-0

[Event "Heart of Finland 2015"]
[Site "Jyvaskyla"]
[Date "2015.07.15"]
[Round "4.2"]
[White "Kiik Kalle"]
[Black "Alekseenko Kirill"]
[Result "1-0"]
[WhiteElo "2374"]
[BlackElo "2513"]
[PlyCount "101"]
[EventDate "2015.??.??"]
[WhiteClock "0:08:52"]
[BlackClock "0:26:19"]

1. c4 Nf6 2. g3 e6 3. Bg2 d5 4. Nf3 Be7 5. cxd5 exd5 6. O-O O-O 7. d4 Re8 8.
Nc3 Nbd7 9. Ne5 c6 10. f4 Nf8 11. e3 Bd6 12. Bd2 N6d7 13. e4 Qb6 14. Kh1 Bxe5
15. dxe5 d4 16. Na4 Qc7 17. Rc1 b6 18. b4 Ba6 19. Rf2 Rac8 20. Nb2 Qd8 21. a4
Qe7 22. Be1 Ne6 23. Rfc2 Nb8 24. f5 Nf8 25. Qxd4 Rcd8 26. Qc3 Nfd7 27. e6 fxe6
28. Qb3 Kh8 29. b5 cxb5 30. axb5 Bb7 31. Rc7 Qg5 32. Nd3 Nc5 33. R1xc5 bxc5 34.
Rxb7 exf5 35. Nf4 fxe4 36. h4 Qg4 37. Kh2 Nd7 38. Bh3 Qf3 39. Qxf3 exf3 40. Ne6
Nf6 41. Nxd8 Rxe1 42. Rb8 h6 43. Ne6+ Kh7 44. Nf8+ Kh8 45. Ng6+ Kh7 46. Bf5
Ng4+ 47. Bxg4 f2 48. Nf8+ Kg8 49. Ne6+ Kh7 50. Bh3 Rxe6 51. Bf1 1-0

[Event "Heart of Finland 2015"]
[Site "Jyvaskyla"]
[Date "2015.07.15"]
[Round "4.3"]
[White "Moiseenko Vadim"]
[Black "Kilpela Panu"]
[Result "1-0"]
[WhiteElo "2494"]
[BlackElo "2112"]
[PlyCount "49"]
[EventDate "2015.??.??"]
[WhiteClock "0:36:31"]
[BlackClock "0:14:45"]

1. Nf3 d6 2. d4 g6 3. c4 Bg7 4. Nc3 Nd7 5. g3 e5 6. Bg2 Nh6 7. O-O O-O 8. h3 f6
9. b4 a5 10. b5 Nf7 11. dxe5 dxe5 12. c5 Nxc5 13. Ba3 b6 14. Nxe5 Bxh3 15. Bxc5
bxc5 16. Qxd8 Raxd8 17. Nxf7 Bxg2 18. Nxd8 Bxf1 19. Ne6 Bh3 20. Nxf8 Bxf8 21.
Nd5 Bd6 22. Nxf6+ Kf7 23. Ne4 Be7 24. Rc1 Be6 25. a4 1-0

[Event "Heart of Finland 2015"]
[Site "Jyvaskyla"]
[Date "2015.07.15"]
[Round "4.4"]
[White "Ronka Erik"]
[Black "Solozhenkin Evgeny"]
[Result "0-1"]
[WhiteElo "2189"]
[BlackElo "2464"]
[PlyCount "80"]
[EventDate "2015.??.??"]
[WhiteClock "0:31:17"]
[BlackClock "0:32:56"]

1. d4 Nf6 2. c4 e6 3. Nc3 Bb4 4. a3 Bxc3+ 5. bxc3 c5 6. e3 Nc6 7. Bd3 O-O 8.
Ne2 b6 9. e4 Ne8 10. O-O Ba6 11. Ng3 cxd4 12. cxd4 Nxd4 13. Bb2 Nc6 14. e5 f5
15. exf6 Nxf6 16. Nh5 Rf7 17. Re1 Rc8 18. Re3 e5 19. Ng3 Qf8 20. Qd2 Nd4 21.
Rxe5 Nb3 22. Qg5 Nxa1 23. Qh4 Rc5 24. Bxa1 Rxe5 25. Bxe5 Qxa3 26. Qd4 Qc5 27.
Qc3 d5 28. Nf5 Ne4 29. Bxe4 dxe4 30. Qg3 Qxc4 31. h4 Qc1+ 32. Kh2 Qc6 33. h5 h6
34. Bxg7 Rxf5 35. Bxh6+ Kf7 36. Qg7+ Ke6 37. Bg5 Qe8 38. g4 Rxf2+ 39. Kg1 Rf1+
40. Kg2 Qf7 0-1

[Event "Heart of Finland 2015"]
[Site "Jyvaskyla"]
[Date "2015.07.15"]
[Round "4.5"]
[White "Agopov Mikael"]
[Black "Katajainen Kimmo"]
[Result "1-0"]
[WhiteElo "2458"]
[BlackElo "1949"]
[PlyCount "72"]
[EventDate "2015.??.??"]
[WhiteClock "0:37:45"]
[BlackClock "0:42:46"]

1. e4 b6 2. d4 Bb7 3. Bd3 g6 4. c4 Bg7 5. Nf3 d6 6. O-O Nd7 7. Nc3 c5 8. d5
Ngf6 9. h3 O-O 10. Bf4 Nh5 11. Bh2 Ne5 12. Nxe5 dxe5 13. Re1 a6 14. a3 Qd6 15.
Rb1 Nf6 16. f4 Nd7 17. f5 Kh8 18. Bf1 Rg8 19. Kh1 Rad8 20. b4 Bc8 21. g4 Bh6
22. Qe2 Qf6 23. Bg2 Qh4 24. bxc5 Nxc5 25. Bxe5+ f6 26. Bh2 Rg7 27. Qf3 Bd2 28.
Re2 Bxc3 29. Qxc3 gxf5 30. exf5 Bxf5 31. gxf5 Rdg8 32. Rg1 Rg3 33. Bxg3 Rxg3
34. Re3 Ne4 35. Rxe4 Rxh3+ 36. Qxh3 Qxh3+ 1-0

[Event "Heart of Finland 2015"]
[Site "Jyvaskyla"]
[Date "2015.07.15"]
[Round "4.6"]
[White "Jacobsen Mikkel Manosri"]
[Black "Bottema Martin"]
[Result "1-0"]
[WhiteElo "2370"]
[BlackElo "2093"]
[PlyCount "95"]
[EventDate "2015.??.??"]
[WhiteClock "0:27:57"]
[BlackClock "0:28:32"]

1. d4 Nf6 2. Nc3 d5 3. Bg5 c5 4. Bxf6 gxf6 5. e3 e6 6. Qh5 cxd4 7. exd4 Nc6 8.
Nf3 Bd7 9. Bd3 f5 10. O-O-O Qf6 11. Rhe1 Qh6+ 12. Qxh6 Bxh6+ 13. Kb1 O-O-O 14.
Bf1 Rhg8 15. g3 Bg7 16. Ne2 Bh6 17. Nc1 Kb8 18. b3 Rc8 19. Nd3 Bg7 20. c3 Bf6
21. Kb2 h6 22. Nf4 Be8 23. Bd3 Bd7 24. Bf1 Rcd8 25. a4 Rc8 26. b4 Ne7 27. Kb3
Rc7 28. Nd3 Nc8 29. Nfe5 Nd6 30. Nc5 Bc8 31. f3 b6 32. Ncd3 Nc4 33. Nf4 Nd6 34.
Bd3 Bb7 35. Ne2 Rgc8 36. Rg1 Nc4 37. f4 Nd6 38. g4 Ne4 39. Bxe4 dxe4 40. gxf5
Bxe5 41. fxe5 Bd5+ 42. Kb2 exf5 43. Nf4 Be6 44. Rg3 Bc4 45. Rh3 Rg8 46. Rh4 Rg4
47. Rxg4 fxg4 48. Re1 1-0

[Event "Heart of Finland 2015"]
[Site "Jyvaskyla"]
[Date "2015.07.15"]
[Round "4.7"]
[White "Froewis Annika"]
[Black "Koykka Pekka"]
[Result "0-1"]
[WhiteElo "2066"]
[BlackElo "2303"]
[PlyCount "110"]
[EventDate "2015.??.??"]
[WhiteClock "0:01:29"]
[BlackClock "0:08:15"]

1. e4 d5 2. exd5 Qxd5 3. Nc3 Qd6 4. d4 Nf6 5. Nf3 c6 6. Ne5 Nbd7 7. Nc4 Qc7 8.
g3 Nb6 9. Bf4 Qd8 10. Ne3 Nbd5 11. Nexd5 Nxd5 12. Nxd5 Qxd5 13. f3 Bf5 14. c3
e6 15. Bg2 Bd6 16. Bxd6 Qxd6 17. f4 h5 18. Qe2 O-O-O 19. Bf3 h4 20. O-O-O g5
21. Qe5 Qxe5 22. fxe5 g4 23. Bg2 h3 24. Bf1 Be4 25. Rg1 Bf3 26. Rd2 c5 27. Bb5
cxd4 28. cxd4 Rd5 29. Bc4 Rd7 30. Bb5 Rc7+ 31. Kb1 Rd8 32. Re1 Kb8 33. Be2 Be4+
34. Bd3 Bxd3+ 35. Rxd3 Rc4 36. Re4 Rdc8 37. Rc3 Rxc3 38. bxc3 Rxc3 39. Rxg4 Rf3
40. Rf4 Rxf4 41. gxf4 Kc7 42. d5 exd5 43. Kc2 Kc6 44. Kd3 Kc5 45. f5 d4 46. e6
fxe6 47. fxe6 Kd6 48. Kxd4 Kxe6 49. a3 Kd6 50. Ke4 Kc5 51. Kf4 b5 52. Kg3 a5
53. Kxh3 b4 54. axb4+ axb4 55. Kg4 b3 0-1

[Event "Heart of Finland 2015"]
[Site "Jyvaskyla"]
[Date "2015.07.15"]
[Round "4.8"]
[White "Luukkonen Tommi"]
[Black "Aseev Vladimir"]
[Result "1/2-1/2"]
[WhiteElo "2348"]
[BlackElo "2085"]
[PlyCount "75"]
[EventDate "2015.??.??"]
[WhiteClock "0:10:23"]
[BlackClock "0:04:36"]

1. d4 Nf6 2. c4 g6 3. g3 Bg7 4. Bg2 O-O 5. Nc3 d6 6. Nf3 Nbd7 7. O-O c5 8. d5
Ne5 9. Nxe5 dxe5 10. e4 a6 11. Be3 Qc7 12. h3 Ne8 13. a4 Nd6 14. Qe2 b6 15. f4
Bd7 16. fxe5 Bxe5 17. Bf4 Bd4+ 18. Kh2 e5 19. dxe6 Bxe6 20. e5 Nxc4 21. Bxa8
Rxa8 22. Rae1 b5 23. axb5 Rb8 24. Nd5 Bxd5 25. e6 Nd6 26. e7 Be6 27. b4 Qxe7
28. bxc5 Bxc5 29. bxa6 Qa7 30. Rb1 Ra8 31. Qe5 Ne8 32. Rfd1 Bf8 33. Qe2 Nf6 34.
Be5 Nd7 35. Rb7 Qxa6 36. Qxa6 Rxa6 37. Rbxd7 Bxd7 38. Rxd7 1/2-1/2

[Event "Heart of Finland 2015"]
[Site "Jyvaskyla"]
[Date "2015.07.15"]
[Round "4.9"]
[White "Lobanov Sergei"]
[Black "Marjusaari Eero"]
[Result "1-0"]
[WhiteElo "2342"]
[BlackElo "2082"]
[PlyCount "71"]
[EventDate "2015.??.??"]
[WhiteClock "0:53:34"]
[BlackClock "0:02:27"]

1. e4 c5 2. Nf3 g6 3. d4 cxd4 4. Nxd4 Nc6 5. Nc3 Bg7 6. Be3 Nf6 7. Be2 O-O 8.
Nb3 a5 9. a4 d5 10. exd5 Nb4 11. Bf3 Bg4 12. Bxg4 Nxg4 13. Qxg4 Nxc2+ 14. Ke2
Nxa1 15. Rxa1 Bxc3 16. bxc3 Qxd5 17. Nc5 Rfd8 18. Qe4 Qh5+ 19. g4 Qh4 20. Nxb7
Rdc8 21. c4 Qf6 22. Rb1 Qc3 23. c5 Ra6 24. Qd3 Qf6 25. Nd6 Rxd6 26. cxd6 exd6
27. Rb6 Qe6 28. Qd4 Rc4 29. Rb8+ Rc8 30. Rxc8+ Qxc8 31. Bh6 Qe6+ 32. Kf3 f6 33.
Bf4 d5 34. Bd2 h5 35. h3 hxg4+ 36. hxg4 1-0

[Event "Heart of Finland 2015"]
[Site "Jyvaskyla"]
[Date "2015.07.15"]
[Round "4.10"]
[White "Saveliev Aleksei"]
[Black "Hintikka Eero"]
[Result "1-0"]
[WhiteElo "2294"]
[BlackElo "2071"]
[PlyCount "106"]
[EventDate "2015.??.??"]
[WhiteClock "0:31:04"]
[BlackClock "0:30:43"]

1. e4 e5 2. Nf3 Nc6 3. Bb5 Nf6 4. O-O Nxe4 5. d4 Be7 6. Re1 Nd6 7. Bxc6 bxc6 8.
dxe5 Nb7 9. Nc3 O-O 10. Bf4 f6 11. Qd2 fxe5 12. Nxe5 Nc5 13. Rad1 Ne6 14. Bg3
Bd6 15. Nc4 Bf4 16. Bxf4 Nxf4 17. Ne4 d6 18. Ne3 Qe8 19. Nf5 Qf7 20. Qxf4 Bxf5
21. Ng3 Bxc2 22. Qxf7+ Rxf7 23. Rc1 Ba4 24. b3 Bb5 25. a4 Ba6 26. Rxc6 Bb7 27.
Rc3 Kf8 28. b4 Rc8 29. f3 Rf4 30. Ne4 d5 31. g3 Rf5 32. Nc5 d4 33. Ne6+ Kf7 34.
Nxd4 Rd5 35. Nb3 Rf5 36. Rec1 c6 37. Nc5 Ba8 38. Rd1 Rd5 39. Rcd3 Rb8 40. Na6
Rbd8 41. Rxd5 Rxd5 42. Rxd5 cxd5 43. Kf2 Ke7 44. Ke3 Kd6 45. Kd4 Bc6 46. b5 Be8
47. Nb4 Bf7 48. Nc6 a6 49. Ne5 Be8 50. bxa6 Kc7 51. a5 Bb5 52. Kxd5 Bxa6 53.
Ke6 Bc8+ 1-0

[Event "Heart of Finland 2015"]
[Site "Jyvaskyla"]
[Date "2015.07.15"]
[Round "4.11"]
[White "Egorov Daniil"]
[Black "Rantanen Yrjo"]
[Result "1/2-1/2"]
[WhiteElo "2085"]
[BlackElo "2293"]
[PlyCount "99"]
[EventDate "2015.??.??"]

1. e4 c5 2. Nf3 Nc6 3. d4 cxd4 4. Nxd4 g6 5. Nc3 Bg7 6. Be3 Nf6 7. Bc4 O-O 8.
Bb3 a5 9. f3 d5 10. Bxd5 Nxd5 11. Nxd5 Nxd4 12. Bxd4 e6 13. Bxg7 Kxg7 14. Nc3
Qb6 15. Na4 Qe3+ 16. Qe2 Qd4 17. Nc3 a4 18. Qd2 Qxd2+ 19. Kxd2 Bd7 20. Ke3 Rfc8
21. a3 Ra6 22. Rhd1 Be8 23. Na2 Rxc2 24. Nb4 Rxb2 25. Nxa6 bxa6 26. Rd2 Rb3+
27. Kd4 Kf6 28. Raa2 Bb5 29. f4 h5 30. g3 Rf3 31. Kc5 Ke7 32. Rdb2 h4 33. Rg2
Rc3+ 34. Kd4 Rd3+ 35. Kc5 Rc3+ 36. Kd4 Rd3+ 37. Kc5 Rc3+ 38. Kb6 Rf3 39. e5
hxg3 40. hxg3 g5 41. Rgf2 Rxg3 42. fxg5 Rxg5 43. Rac2 Rxe5 44. Rc7+ Kd6 45.
Rd2+ Rd5 46. Rxd5+ Kxd5 47. Rxf7 e5 48. Ka5 e4 49. Kb4 Kd4 50. Re7 1/2-1/2

[Event "Heart of Finland 2015"]
[Site "Jyvaskyla"]
[Date "2015.07.15"]
[Round "4.12"]
[White "Reinwald Patrick"]
[Black "Sorvari Jarmo"]
[Result "1-0"]
[WhiteElo "2247"]
[BlackElo "2051"]
[PlyCount "47"]
[EventDate "2015.??.??"]

1. d4 Nf6 2. c4 e6 3. Nc3 Bb4 4. e3 O-O 5. Nge2 c6 6. a3 Ba5 7. b4 Bc7 8. e4 d5
9. Bg5 dxe4 10. Nxe4 Nbd7 11. N2c3 h6 12. Bh4 b6 13. Bd3 Bb7 14. Qf3 g5 15. Bg3
Kg7 16. Bxc7 Qxc7 17. c5 Ne8 18. h4 f5 19. hxg5 Rh8 20. gxh6+ Rxh6 21. Rxh6
Kxh6 22. Qe3+ Kg6 23. Ng5 Ng7 24. Nxe6 1-0

[Event "Heart of Finland 2015"]
[Site "Jyvaskyla"]
[Date "2015.07.15"]
[Round "4.13"]
[White "Virtanen Teemu"]
[Black "Tiitta Sauli"]
[Result "1-0"]
[WhiteElo "2028"]
[BlackElo "2245"]
[PlyCount "103"]
[EventDate "2015.??.??"]
[WhiteClock "0:11:39"]
[BlackClock "0:05:27"]

1. Nf3 d5 2. g3 g6 3. Bg2 Bg7 4. c4 d4 5. O-O c5 6. d3 Nc6 7. Bd2 Nf6 8. Na3
O-O 9. Nc2 e5 10. b4 e4 11. Nfe1 e3 12. fxe3 dxe3 13. Nxe3 cxb4 14. Rb1 Re8 15.
N1c2 a5 16. Kh1 Ng4 17. Nxg4 Bxg4 18. Ne3 Be6 19. Nd5 Bg4 20. Be3 Nd4 21. Rf4
Nf5 22. Rxg4 Nxe3 23. Nxe3 Rxe3 24. Bxb7 Ra7 25. Bd5 Qe8 26. Re4 Rxe4 27. Bxe4
f5 28. Bd5+ Kh8 29. e4 Bd4 30. Qf3 fxe4 31. dxe4 Kg7 32. Rf1 Rc7 33. Qd1 Be5
34. Qd2 Qd8 35. c5 Bf6 36. Qe3 Qe7 37. c6 a4 38. Qb6 b3 39. axb3 a3 40. Rf2 Ra7
41. Ra2 Bb2 42. b4 Ra4 43. c7 Rxb4 44. Qc6 Qf8 45. Qd7+ Kh6 46. Qf7 Qc5 47.
Qf4+ Kg7 48. Be6 Be5 49. Qf7+ Kh6 50. c8=Q Rb1+ 51. Kg2 Rg1+ 52. Kh3 1-0

[Event "Heart of Finland 2015"]
[Site "Jyvaskyla"]
[Date "2015.07.15"]
[Round "4.14"]
[White "Meskanen Vesa"]
[Black "Mertanen Janne"]
[Result "0-1"]
[WhiteElo "2071"]
[BlackElo "2228"]
[PlyCount "98"]
[EventDate "2015.??.??"]
[WhiteClock "0:07:32"]
[BlackClock "0:21:50"]

1. d4 Nf6 2. c4 c5 3. d5 e6 4. Nc3 exd5 5. cxd5 d6 6. e4 g6 7. Nf3 a6 8. a4 Bg4
9. Be2 Bxf3 10. Bxf3 Nbd7 11. O-O Bg7 12. Bf4 Qe7 13. Re1 O-O 14. Qc2 Rab8 15.
a5 Ne8 16. h3 Nc7 17. Be2 b5 18. axb6 Rxb6 19. Bf1 Rfb8 20. Na4 R6b7 21. Ra2
Bd4 22. Bd2 Qf6 23. Ba5 Nb5 24. Nc3 Ne5 25. Nd1 h5 26. Bd2 Nc7 27. Be2 Rb3 28.
Kh1 Qh4 29. Bc3 Bxc3 30. bxc3 Rb1 31. Rf1 Qf4 32. Ne3 Rxf1+ 33. Bxf1 Ne8 34. g3
Qf6 35. f4 Nd7 36. Rxa6 h4 37. Ng4 Qh8 38. Kg2 hxg3 39. Kxg3 Nef6 40. Nxf6+
Nxf6 41. Rxd6 Nh5+ 42. Kf3 Qh6 43. Qd2 Rb2 44. Rd8+ Kh7 45. Qe3 Nxf4 46. Qc1
Rf2+ 47. Kxf2 Nxh3+ 48. Bxh3 Qxc1 49. d6 Qf4+ 0-1

[Event "Heart of Finland 2015"]
[Site "Jyvaskyla"]
[Date "2015.07.15"]
[Round "4.15"]
[White "Koivusalo Ville-Veikko"]
[Black "Chernyak Viktoria"]
[Result "0-1"]
[WhiteElo "2008"]
[BlackElo "2136"]
[PlyCount "80"]
[EventDate "2015.??.??"]
[WhiteClock "0:47:47"]
[BlackClock "0:41:02"]

1. b3 e5 2. Bb2 d6 3. e3 Nf6 4. d3 g6 5. Nd2 Bg7 6. Ne2 Be6 7. g3 Qd7 8. Bg2
Nc6 9. c4 Bh3 10. Bf3 O-O 11. Ng1 Bg4 12. Bxg4 Nxg4 13. h3 Nf6 14. e4 Nh5 15.
Ndf3 a5 16. Ne2 f5 17. Nc3 fxe4 18. Nxe4 a4 19. Nh4 Nf6 20. Ng2 Nd4 21. Bxd4
Nxe4 22. dxe4 exd4 23. O-O Qxh3 24. bxa4 Qe6 25. Nf4 Rxf4 26. gxf4 Qxe4 27. Qg4
d3 28. Rae1 Qxc4 29. Re7 Bf6 30. Re3 Rf8 31. Qf3 d2 32. Rd3 Qxa2 33. Qxb7 Qxa4
34. Qxc7 Qxf4 35. Qxd6 Be5 36. Qe6+ Kh8 37. Qh3 Bd4 38. Kg2 Rf5 39. Qf3 Rg5+
40. Kh1 Rh5+ 0-1

[Event "Heart of Finland 2015"]
[Site "Jyvaskyla"]
[Date "2015.07.15"]
[Round "4.16"]
[White "Tuononen Janne"]
[Black "Keinanen Toivo"]
[Result "1/2-1/2"]
[WhiteElo "2178"]
[BlackElo "2085"]
[PlyCount "121"]
[EventDate "2015.??.??"]
[WhiteClock "0:21:20"]
[BlackClock "0:33:12"]

1. d4 Nf6 2. Nf3 g6 3. c4 Bg7 4. g3 c6 5. Bg2 d5 6. O-O O-O 7. Qb3 Nbd7 8. cxd5
cxd5 9. Nc3 Nb6 10. Ne5 Be6 11. a4 Nfd7 12. a5 Bxe5 13. axb6 Bxd4 14. bxa7 Bxa7
15. Bh6 Re8 16. Nxd5 Ne5 17. Rad1 Qc8 18. Qb4 Nc6 19. Qc3 f6 20. Bf4 Bxd5 21.
Bxd5+ Kg7 22. Bxc6 Qxc6 23. Qxc6 bxc6 24. Rd7 g5 25. Bd6 Kf7 26. Rd1 Bb8 27.
Ba3 Ra7 28. Rxa7 Bxa7 29. Rd7 Bb8 30. Rb7 Be5 31. g4 Ke6 32. Rb3 Bd6 33. Re3+
Kd7 34. Rd3 Rb8 35. Kg2 Ke6 36. Re3+ Kf7 37. Rc3 Be5 38. Rxc6 Bxb2 39. Bc5 Be5
40. Ra6 Rd8 41. h3 Rc8 42. Bb4 Bd4 43. e3 Bc5 44. Bxc5 Rxc5 45. Kf3 Rc8 46. Kg3
Rc1 47. Rb6 Rg1+ 48. Kh2 Rf1 49. Kg2 Rc1 50. Rb5 e5 51. Rb6 Kg6 52. Rb8 Kg7 53.
Rb2 Re1 54. Kg3 Rg1+ 55. Kf3 Rh1 56. Kg2 Re1 57. Rb4 Kg6 58. Ra4 Kg7 59. Ra7+
Kg6 60. Kf3 Rh1 61. Kg2 1/2-1/2